Current trends in Somali piracy

Salvato in:
Dettagli Bibliografici
Autore principale: Pajtinka, Viliam
Natura: Capitolo di libro
Lingua:inglese
Soggetti:
Tags: Aggiungi Tag
Nessun Tag, puoi essere il primo ad aggiungerne!!

MARC

LEADER 00000naa$a2200000$$$4500
001 0183110
005 20240502083430.2
041 0 |a eng 
044 |a RU 
245 1 0 |a Current trends in Somali piracy  |c Viliam Pajtinka 
610 2 0 |a politika medzinárodná 
610 2 0 |a bezpečnosť 
610 2 0 |a konflikty 
610 2 0 |a činy trestné 
610 2 0 |a Somálsko 
100 1 |a Pajtinka, Viliam